000 00191 a2200097 4500
001 2827
100 _aDryden
245 _aPoetry and prose
260 _a
_bClarendon
_c
090 _c2122
_d2122
942 _aNUST-CAE
_cM
_c12470
999 _c237900
_d237900